000 00548nam a22001937a 4500
999 _c14512
_d14512
003 MIRAKIL
005 20210908115225.0
008 210908b tu ||||| |||| 00| 0 tur d
040 _aTR-AnCHP
_btur
_cTR-AnCHP
041 _atur
082 _a342.02
_bT25a 1976
100 1 _aTanilli, Server
245 _aAnayasalar ve siyasal belgeler/
_cServer Tanilli.
260 _aİstanbul:
_b[yay.y],
_c1976.
_fSulhi Garan Matbaası.
300 _a669 s.:
_c19 sm.
650 _aAnayasalar
_xTarih
650 _aAnayasa tarihi
_xTürkiye
942 _2ddc
_cBKS